The creture on the moonlit road : (Record no. 105827)

MARC details
000 -LEADER
fixed length control field 00530nam a22001817a 4500
005 - DATE AND TIME OF LATEST TRANSACTION
control field 20170112124202.0
010 ## - LCCN (DPL NO)
LC control number ENG-117058
020 ## - INTERNATIONAL STANDARD BOOK NUMBER
International Standard Book Number 9789385288333
Terms of availability 250.00.00
035 ## - SYSTEM CONTROL NUMBER
System control number EN-100590
037 ## - SOURCE OF ACQUISITION
Source of stock number/acquisition DBAD/PUB
082 ## - DEWEY DECIMAL CLASSIFICATION NUMBER
Classification number S
100 ## - MAIN ENTRY--PERSONAL NAME
Personal name James,M.R.
245 ## - TITLE STATEMENT
Title The creture on the moonlit road :
Remainder of title more stories of the supernatural /
Statement of responsibility, etc by M.R. James
260 ## - PUBLICATION, DISTRIBUTION, ETC. (IMPRINT)
Place of publication, distribution, etc New Delhi
Name of publisher, distributor, etc Speaking Tiger
Date of publication, distribution, etc 2016
270 ## - ADDRESS
Address 4381/4 Ansari Road,Daryaganj
City New Delhi
Postal code 110002
300 ## - PHYSICAL DESCRIPTION
Extent 176
Dimensions 20cm(pbk)
942 ## - ADDED ENTRY ELEMENTS (KOHA)
Source of classification or shelving scheme Dewey Decimal Classification
Item type English Books
Classification part S
Call number suffix JAM
Holdings
Withdrawn status Lost status Not for loan Collection code Home library Current library Date acquired Source of acquisition Cost, normal purchase price Full call number Barcode Copy number Cost, replacement price Koha item type
      Fiction Shahdara Branch Shahdara Branch 12/01/2017 DBAD/PUB 250.00 S JAM EN-100590 1 250.00 English Books
      Fiction Shahdara Branch Shahdara Branch 10/05/2023   250.00 S JAM EN-120338 1   English Books

© Delhi Public Library
Hit Counter
free hit counter